Učitavanje...
Manushyante maulikavakasangal
| Glavni autor: | |
|---|---|
| Format: | Multimedia |
| Izdano: |
Calicut
Islamic Publishing House
1983
|
| Teme: |
| LEADER | 00444nam a22001337a 4500 | ||
|---|---|---|---|
| 082 | |a 297.197 |b MAU/M | ||
| 100 | |a Maulana Moudoodi | ||
| 245 | |a Manushyante maulikavakasangal | ||
| 260 | |a Calicut |b Islamic Publishing House |c 1983 | ||
| 300 | |a 36p. | ||
| 650 | |a Religion-Islam | ||
| 942 | |c MLT | ||
| 999 | |c 94005 |d 94005 | ||
| 952 | |0 0 |1 0 |4 0 |6 297_197000000000000_MAU_M |7 0 |9 86536 |a SSS |b SSS |c MM |d 2011-06-02 |g 2.00 |l 0 |o 297.197 MAU/M |p SSSMK0339 |r 2011-06-02 |w 2016-10-27 |y MLT | ||